| 000 | nam a22 4500 | ||
|---|---|---|---|
| 999 |
_c153671 _d153669 |
||
| 005 | 20200117093527.0 | ||
| 008 | 200117b mx ||||| |||| 00| 0 spa d | ||
| 050 | 0 | 4 |
_aKGF3015 _bC37 1978 |
| 100 | 1 | _aCastellanos, José J. | |
| 245 | 1 | 3 |
_aEl derecho a la información _c/ José J. Castellanos |
| 250 | _a1a ed. | ||
| 260 |
_aMéxico : _bPromesa, _c1976 |
||
| 300 |
_a125 p. ; _c20 cm. |
||
| 500 | _aIncluye índice | ||
| 650 | 7 |
_2lemb _aLibertad _xPrensa |
|
| 650 | 7 |
_2lemb _alibertad de Expresión _xPrensa |
|
| 942 |
_2lcc _cLIB |
||